000
00290cam a22000977a 4500
008
180718b1960 xxu||||| |||| 00| 0 eng d
082
_a
T15x42 Un3p
245
_a
Interim report of the committee on consumer protection
260
_a
London
_b
Her Majesty's Stationery Office
_c
1960
300
_a
15p
999
_c
421070
_d
421070